|
|
|
|
| LEADER |
02047nam a2200397 i 4500 |
| 001 |
EBC3415251 |
| 003 |
MiAaPQ |
| 005 |
20200520144314.0 |
| 006 |
m o d | |
| 007 |
cr cnu|||||||| |
| 008 |
140523t20142014ne a o 001 0 eng d |
| 020 |
|
|
|z 9789086862436
|
| 020 |
|
|
|a 9789086867950 (e-book)
|
| 035 |
|
|
|a (MiAaPQ)EBC3415251
|
| 035 |
|
|
|a (Au-PeEL)EBL3415251
|
| 035 |
|
|
|a (CaPaEBR)ebr10869706
|
| 035 |
|
|
|a (OCoLC)923506992
|
| 040 |
|
|
|a MiAaPQ
|b eng
|e rda
|e pn
|c MiAaPQ
|d MiAaPQ
|
| 050 |
|
4 |
|a QR1
|b .I538 2014
|
| 082 |
0 |
|
|a 576
|2 23
|
| 245 |
0 |
0 |
|a Industrial, medical and environmental applications of microorganisms :
|b current status and trends : proceedings of the V international conference on environmental, industrial and applied microbiology (BioMicroWorld2013), Madrid, Spain, 2-4 October 2013 /
|c edited by Antonio Mendez-Vilas.
|
| 264 |
|
1 |
|a Wageningen, Netherlands :
|b Wageningen Academic Publishers,
|c 2014.
|
| 264 |
|
4 |
|c 2014
|
| 300 |
|
|
|a 1 online resource (699 pages) :
|b illustrations
|
| 336 |
|
|
|a text
|2 rdacontent
|
| 337 |
|
|
|a computer
|2 rdamedia
|
| 338 |
|
|
|a online resource
|2 rdacarrier
|
| 500 |
|
|
|a Includes index.
|
| 588 |
|
|
|a Description based on online resource; title from PDF title page (ebrary, viewed May 22, 2014).
|
| 590 |
|
|
|a Electronic reproduction. Ann Arbor, MI : ProQuest, 2015. Available via World Wide Web. Access may be limited to ProQuest affiliated libraries.
|
| 650 |
|
0 |
|a Microbiology
|v Congresses.
|
| 655 |
|
4 |
|a Electronic books.
|
| 700 |
1 |
|
|a Mendez-Vilas, A.,
|e editor.
|
| 776 |
0 |
8 |
|i Print version:
|t Industrial, medical and environmental applications of microorganisms : current status and trends : proceedings of the V international conference on environmental, industrial and applied microbiology (BioMicroWorld2013), Madrid, Spain, 2-4 October 2013.
|d Wageningen, Netherlands : Wageningen Academic Publishers, c2014
|h 698 pages
|z 9789086862436
|
| 797 |
2 |
|
|a ProQuest (Firm)
|
| 856 |
4 |
0 |
|u https://ebookcentral.proquest.com/lib/matrademy/detail.action?docID=3415251
|z Click to View
|